Szczegóły MARC21

Unterm Birnbaum /

003 -Nazwa inst., której nr kontr. jest w polu 001 [,]
    • @
    • Nazwa instytucji, której n kontrolny jest w polu 001
    • NUKAT
005 -DATA I CZAS OSTATNIEJ MODYFIKACJI [,]
    • @
    • pole kontrolne
    • 20241231114350.0
020 -Międzynarod. znormalizowany nr książki - ISBN [ , ]
    • a
    • Numer ISBN
    • 3548045170 Find
040 -Instytucja sporządzająca opis [ , ]
    • a
    • Instytucja, która sporządziła opis (NP)
    • SZCZ U/ML
    • c
    • Instytucja, która sporządziła rekord (NP)
    • SZCZ U/MLs
    • d
    • Instytucja, która zmodyfikowała rekord (P)
    • SZCZ U/KP
942 -Rodzaj dokumentu [ , ]
    • c
    • Rodzaj dokumentu
    • Książka
100 -Hasło główne - nazwa osobowa [1, ]
    • a
    • Nazwa osobowa (NP)
    • Fontane, Theodor
    • d
    • Daty biograficzne (NP)
    • (1819-1898).
    • 9
    • KHW
    • 49761
240 -Tytuł ujednolicony [1,0]
    • a
    • Tytuł ujednolicony
    • Unterm Birnbaum
    • l
    • Język tekstu
    • (niem.)
    • 9
    • KHW
    • 430112
245 -Strefa tytułu i oznaczenia odpowiedzialności [1,0]
    • a
    • Tytuł
    • Unterm Birnbaum / Find
    • c
    • Pozostałe elementy strefy tytułu i oznaczenia odpowiedzialności (NP)
    • Theodore Fontane ; hrsg. von Walter Keitel und Helmut Nürnberger.
250 -Strefa wydania [ , ]
    • a
    • Oznaczenie wydania (NP)
    • Ungekürzte Ausg. 35.-40. Tsd.
260 -Strefa adresu wydawniczego [ , ]
    • a
    • Miejsce wydania (P)
    • Frankfurt/M [etc.] :
    • b
    • Nazwa wydawcy (P)
    • Verlag Ullstein,
    • c
    • Data wydania (P)
    • 1980.
300 -Strefa opisu fizycznego [ , ]
    • a
    • Określenie formy książki i/lub objętość (NP)
    • 128 s ;
    • c
    • Format (NP)
    • 18 cm.
336 -Typ zawartości [ , ]
    • a
    • Termin opisujący typ zawartości
    • Tekst
    • b
    • Kod określający zawartość
    • txt
    • 2
    • Źródło (terminu i kodu)
    • rdacontent
337 -Typ mediów [ , ]
    • a
    • Tryb odtwarzania
    • Bez urządzenia pośredniczącego
    • b
    • Kod typu mediów
    • n
    • 2
    • Źródło (terminu i kodu)
    • rdamedia
338 -Typ/rodzaj nośnika [ , ]
    • a
    • Hasło opisujące typ nośnika
    • Wolumin
    • b
    • Kod typu nośnika
    • nc
    • 2
    • Źródło (terminu i kodu)
    • rdacarrier
490 -Strefa serii i książki wielotomowej - forma nie do wyszukiwania [1, ]
    • a
    • Tytuł (P)
    • Ullstein-Buch. Fontane Bibliothek ; Find
    • v
    • Numeracja (P)
    • Nr 4517
490 -Strefa serii i książki wielotomowej - forma nie do wyszukiwania [1, ]
    • a
    • Tytuł (P)
    • Werke und Schriften. Sämtliche Romane, Erzählungen, Gedichte, Nachgelassenes / Theodor Fontane Find
830 -Hasło dodatkowe serii i opisu książki wielotomowej - tytuł ujednolicony/tytuł [ ,0]
    • a
    • Tytuł ujednolicony/tytuł (NP)
    • Ullstein-Buch
    • v
    • Oznaczenie tomu (NP)
    • Nr 4517
    • 9
    • KHW
    • 81937
500 -Uwaga ogólna [ , ]
    • a
    • Uwaga ogólna (NP)
    • W serii głównej "Werke und Schriften" Band 10.
534 -Uwaga dot. podstawy reprodukcji [ , ]
    • p
    • Określenie wprowadzające
    • Przedruk, oryg.:
    • c
    • Adres wydawniczy oryginału
    • München, Carl Hansen Verlag, cop. 1970.
655 -Hasło w funkcji tematu formalnego [ ,7]
    • a
    • Hasło
    • Nowele niemieckie
    • y
    • Określnik chronologiczny
    • 1870-1914.
    • 2
    • Źródło terminu
    • kaba
    • 9
    • KHW
    • 359153
700 -Hasło dodatkowe - nazwa osobowa [1, ]
    • a
    • Nazwa osobowa (NP)
    • Nürnberger, Helmuth Find
    • d
    • Daty biograficzne (NP)
    • (1930-2017).
    • e
    • Określenie rodzaju współpracy
    • Red.
    • 9
    • KHW
    • 420290
700 -Hasło dodatkowe - nazwa osobowa [1, ]
    • a
    • Nazwa osobowa (NP)
    • Keitel, Walter. Find
    • e
    • Określenie rodzaju współpracy
    • Red.
    • 9
    • KHW
    • 420291
710 -Hasło dodatkowe - nazwa ciała zbiorowego [2, ]
    • a
    • Nazwa ciała zbiorowego lub nazwa geograficzna jako pierwszy element (NP)
    • Verlag Ullstein.
    • 4
    • Kod relacji
    • pbl
    • 9
    • KHW
    • 344055
800 -Hasło dodatkowe opisu książki wielotomowej - nazwa osobowa [1, ]
    • a
    • Nazwa osobowa (NP)
    • Fontane, Theodor
    • d
    • Daty biograficzne (NP)
    • (1819-1898).
    • t
    • Tytuł ujednolicony/tytuł (NP)
    • Werke und Schriften
    • 9
    • KHW
    • 420294
800 -Hasło dodatkowe opisu książki wielotomowej - nazwa osobowa [1, ]
    • a
    • Nazwa osobowa (NP)
    • Fontane, Theodor
    • d
    • Daty biograficzne (NP)
    • (1819-1898).
    • t
    • Tytuł ujednolicony/tytuł (NP)
    • Sämtliche Romane, Erzählungen, Gedichte, Nachgelassenes
    • 9
    • KHW
    • 420292
920 -ISBN [ , ]
    • a
    • ISBN
    • 3-548-04517-0 Find
Numer inwentarzowy Status udost. Lokalizacja Sygnatura
G.3934-3BMGerm. Powieści kryminalne